| 000 | 02722 a2200241 4500 | ||
|---|---|---|---|
| 001 | 27238 | ||
| 005 | 20260407155548.0 | ||
| 008 | 260407a2000 arg spa d | ||
| 003 | AR-UNSa-BCEJYS | ||
| 040 |
_aAR-UNSa-BCEJYS _bspa _cAR-UNSa-BCEJYS |
||
| 080 |
_a658.5 _xPlanificación y control de la producción |
||
| 245 | 1 | 0 | _aAdministración de producción y operaciones |
| 020 | _a970-686-031-2 | ||
| 250 | _a8a. ed. | ||
| 264 | 1 |
_aMéxico : _bInternational Thomson Editores _c2000 |
|
| 300 |
_axvii, 846 p. _c27 cm. |
||
| 505 | _aParte I: Administración de la producción y de las operaciones: Introducción y panorama general : 1. Administración de la producción y de las operaciones: una introducción - 2. Estrategia de las operaciones: Utilización de calidad, del costo y del servicio como armas competitivas - 3. Los pronósticos en la administración de la producción y de las operaciones: punto de partida de toda planeación - Parte II: Decisiones estratégicas: Planeación de productos, procesos, tecnologías e instalaciones: 4. Diseño y desarrollo de productos y de procesos de producción: operaciones de manufactura y de servicio - 5. Tecnología de la producción: selección y administración - 6. Asignación de recursos a alternativas estratégicas - 7. Planeación de la capacidad a largo plazo - 8. Disposición física de las instalaciones - Parte III: Decisiones de operación: Planeación de la producción para cumplir con la demanda : 9. Sistema de planeación de la produción: Planeación agregada y programa maestro de la producción - 10. Sistemas de inventarios sujetos a demanda independiente - 11. Sistema de planeación de los requerimientos de recursos planeación de los requerimientos de los materiales(MRP) y planeación de los requerimientos de capapcidad (CRP) - 12. Planeación y control de piso de taller en la manufactura - 13. Planeación y programación de operaciones de servicio - 14. Fabricación o manufactura justo a tiempo ( JIT) - 15. Administración de cadena de suministros - Parte IV: Decisiones de control: Planeación y control de la operaciones para la productividad, calidad y confiabilidad : 16. Productividad, trabajo en equipo y delegación de autoridad: comportamiento, métodos de trabajo y medición del trabajo - 17. Administración de la calidad - 18. Control de calidad - 19. Planeación y control de proyectos - 20. Administración de mantenimiento y confiabilidad. | ||
| 942 | _cBK | ||
| 590 | _aniveau_biblio:m niveau_hierar:0 | ||
| 100 | 1 | _aGaither, Norman | |
| 700 | 1 | _aFrazier, Greg | |
| 856 | 4 | 1 |
_uhttps://biblioeco.unsa.edu.ar/pmb/images/libros/Administraci?n de Producci?n y Operaciones-l116394.jpg _yImagen de portada _qimage/jpeg |
| 999 |
_c1568 _d1568 |
||